00837nam a22002537a 45000010005000000030006000050050017000110080041000280200015000690400029000840500016001130820008001291000016001372450042001532500047001952600038002423000054002805050008003345200136003425210029004785210020005076500022005277000034005498266FISKH20250905115453.0250905b cb ||||| |||| 00| 0 eng d a0590427210 aFISKHbengcFISKHdFISKH aPZ7.T8535 N a804 aTurner, Ann aNettie's trip south / cBy Ann Turner aFirst Scholastic printing, Sepetember 1989 aNew York : bScholastic ,c1987.  a30 unnumbered pages : billustrations ;c23 cm .  aK  aA ten-year-old northern girl encounters the ugly realities of slavery when she visits Richmond, Virginia, and sees a slave auction.8 a510 bLexile estimate 8 aK bRaz-Plus  aSlavery vFiction aHimber, Ronald eIllustrator